| 000 | 02171nam0a2200337 4500 | ||
|---|---|---|---|
| 001 | RU\NLR\bibl\903555 | ||
| 005 | 20260407090330.0 | ||
| 021 |
_aRU _b2005-86437 _94282 |
||
| 035 | _a(NLR Aleph) 000891977 | ||
| 090 |
_a1724097 _c1724097 |
||
| 100 | _a20060204d2005 |||y0rusy50 ca | ||
| 101 | 0 |
_arus _deng _eeng |
|
| 102 | _aRU | ||
| 105 | _ac ||||||||| | ||
| 200 | 1 |
_aНиколай Александрович Майсурян _f[сост. Г.А. Макаренко _gредкол.: чл.-корр. РАСХН В.М. Баутин - пред. и др. _gавт. вступ. ст. Г.Г. Гатаулина] |
|
| 210 |
_aМосква _cМСХА _d2005 |
||
| 215 |
_a[1],63 с. _cпортр. _d20 |
||
| 225 | 1 | _aМатериалы к биобиблиографии деятелей сельскохозяйственной науки и аграрного образования | |
| 225 | 1 |
_aУченые Тимирязевской академии _fФедер. гос. образоват. учреждение высш. проф. образования "Рос. гос. аграр. ун-т - МСХА им. К.А. Тимирязева" (ФГОУ ВПО РГАУ - МСХА им. К.А. Тимирязева), Центр. науч. б-ка им. Н.И. Железнова |
|
| 300 | _aРез. на англ. яз. | ||
| 320 | _aАлф. указ. тр.: с. 53-62 | ||
| 600 | 1 |
_aМайсурян _bН.А. _f1896 - 1967 _gНиколай Александрович _jБиобиблиография _91509788 _3RU\NLR\auth\66655266 |
|
| 686 | _aП13д(2)Майсурян я1 | ||
| 702 | 1 |
_aМакаренко _bГ. А. _4220 |
|
| 702 | 1 |
_4340 _8rus _7ca _aБаутин _bМ. С. _cд-р экон. наук _f1948- _gВладимир Моисеевич _3RU\NLR\auth\7729134 _912163 |
|
| 712 | 0 | 2 |
_4570 _aМосковская сельскохозяйственная академия им. К. А. Тимирязева _bЦентральная научная библиотека им. Н. И. Железнова _3RU\NLR\AUTH\8810047808 _9595648 |
| 801 | 0 |
_aRU _bNLR _c20060204 _grcr |
|
| 801 | 1 |
_aRU _bNLR _c20060204 |
|
| 942 | _cBOOK | ||
| 980 | _aNB | ||